000 nam a22 4500
999 _c9140
_d9140
008 180412b ||||| |||| 00| 0 eng d
245 _aIPs play important role in agriculture.
260 _aDavao City
_bSun Star Davao
_cc2017
300 _apage 2.
650 0 _927322
_aNative peoples.
942 _2ddc
_cPER